Evénements du 7 novembre - Statistiques

Statistiques générales
  • Ce quiz a été pris 40 fois
  • Le résultat moyen est 7 sur 15
Statistiques - réponses
Hint Réponse % Correct
Naissance de Frank Dubosc 1963
90%
1ère du jeu Question pour un champion 1988
90%
Naissance de Marie Curie 1867
80%
1er essai nucléaire souterrain français 1961
77%
Début de la Révolution d'octobre 1917
73%
Naissance de l'écrivain Albert Camus 1913
60%
Décès de Guy Degrenne, industriel 2006
57%
Début du procès de Désiré Landru 1921
47%
Première parution du London Gazette 1665
33%
Bataille de Lubeck 1806
30%
Naissance de l'explorateur James Cook 1728
27%
Edit de tolérance accordant un état-civil aux "non-catholiques" français 1787
20%
Signature du traité des Pyrénées 1659
17%
Naissance du peintre Francisco de Zurbaran 1598
13%
Pacte de famille - Alliance des Bourbons d'Europe 1733
13%
Aucun quiz correspondant
Distribution des résultats
% des personnes avec chaque résultat
Percentile par nombre de réponses
Votre historique - résultats
Vous n’avez pas pris ce quiz